[Event "Open A"]
[Site "Gjovik NOR"]
[Date "2009.01.02"]
[Round "5"]
[White "Haarr,J"]
[Black "Caspi,I"]
[Result "0-1"]
[WhiteElo "2057"]
[BlackElo "2408"]

1.e4 c5 2.c3 Nf6 3.e5 Nd5 4.d4 cxd4 5.Nf3 e6 6.cxd4 b6 7.Bd3 Bb7 8.O-O d6
9.Nc3 Nxc3 10.bxc3 Nd7 11.Re1 Qc7 12.Bf4 h6 13.Rc1 O-O-O 14.c4 Kb8 15.Be4 Bxe4
16.Rxe4 dxe5 17.Nxe5 Nxe5 18.Bxe5 Bd6 19.c5 Bxe5 20.cxb6 Bxh2+ 21.Kh1 Qb7
22.Re3 Bf4 23.Rb3 a6 24.Rc7 Qe4 25.Rb4 Bxc7 26.bxc7+ Kxc7 27.Qa4 Rd6 28.Qa5+ Kd7
29.Qa4+ Ke7 30.f3 Qd5 31.Qc2 Rhd8  0-1

[Event "Masters"]
[Site "Hastings ENG"]
[Date "2009.01.02"]
[Round "6"]
[White "Salimbeni,G"]
[Black "Zhou,Y"]
[Result "0-1"]
[WhiteElo "2103"]
[BlackElo "2276"]

1.e4 c5 2.c3 Nf6 3.e5 Nd5 4.d4 cxd4 5.Nf3 e6 6.cxd4 d6 7.Bc4 Nc6 8.O-O Be7
9.Qe2 Nb6 10.Bb3 d5 11.Nc3 Bd7 12.Bf4 Rc8 13.Rac1 O-O 14.Bc2 f5 15.exf6 gxf6
16.Rfe1 Rf7 17.Bb1 a6 18.h4 Kh8 19.a3 Qg8 20.Qd3 Nc4 21.Re2 b5 22.a4 Qg4
23.Bg3 Rg8 24.axb5 axb5 25.b3 Nb4 26.Qd1 Na3 27.Re1 Nxb1 28.Rxb1 Qg7 29.Qe2 Bd6
30.Ng5 fxg5 31.Bxd6 Nc6 32.hxg5 Rf5 33.Nxb5 Rxg5 34.g3 e5 35.Qf3 e4 36.Qe3 Rf5
37.Bf4 Qg4 38.Kf1 Rh5 39.Kg1 Qh3 40.f3 Qh1+ 41.Kf2 Rh2+  0-1

[Event "5th IRT"]
[Site "Merlo ARG"]
[Date "2009.01.02"]
[Round "7"]
[White "Koch,Ju"]
[Black "Preuss,Max"]
[Result "0-1"]
[WhiteElo "2037"]
[BlackElo "2114"]

1.e4 c5 2.c3 Nf6 3.e5 Nd5 4.Nf3 Nc6 5.Bc4 Nb6 6.Bb3 d5 7.exd6 c4 8.Bc2 Qxd6
9.O-O Bg4 10.d4 cxd3 11.Qxd3 Qxd3 12.Bxd3 Bxf3 13.gxf3 O-O-O 14.Be4 e6 15.Be3 Nc4
16.b4 N6e5 17.f4 Ng4 18.Bc5 Bd6 19.h3 Nf6 20.Bd3 Bxc5 21.Bxc4 Bb6 22.f5 exf5
23.Bxf7 Rd6 24.c4 Bd4 25.Na3 Bxa1 26.Rxa1 Rf8 27.Nb5 Rb6 28.c5 Rxb5 29.Be6+ Kc7
30.Rb1 a5 31.a3 axb4 32.axb4 Ne4  0-1

[Event "Hilton Schachfestival"]
[Site "Basel SUI"]
[Date "2009.01.04"]
[Round "7"]
[White "Filipovic,Br"]
[Black "Guliyev,N"]
[Result "1/2-1/2"]
[WhiteElo "2433"]
[BlackElo "2535"]

1.e4 c5 2.c3 Nf6 3.e5 Nd5 4.Nf3 Nc6 5.d4 cxd4 6.cxd4 d6 7.Bc4 Nb6 8.Bb5 dxe5
9.Nxe5 Bd7 10.Nxd7 Qxd7 11.Nc3 Rd8 12.O-O a6 13.Bxc6 Qxc6 14.Bg5 h6 15.Be3 g6
16.Rc1 Bg7 17.Qb3 O-O 18.Ne2 Qb5 19.Qxb5 axb5 20.Rc7 Nd5 21.Rxb7 b4 22.Nf4 Nxf4
23.Bxf4 Rxd4 24.Be3 Re4 25.Bc5 Ra8 26.Rxb4 Rxb4 27.Bxb4 Bxb2 28.Bxe7 Rxa2
29.Bc5 Kg7  1/2-1/2

[Event "14th Open"]
[Site "Bosnjaci CRO"]
[Date "2009.01.04"]
[Round "2"]
[White "Pap,M"]
[Black "Stocko,J"]
[Result "1-0"]
[WhiteElo "2469"]
[BlackElo "2110"]

1.e4 c5 2.c3 Nf6 3.e5 Nd5 4.Nf3 Nc6 5.d4 cxd4 6.Bc4 Nb6 7.Bb3 e6 8.cxd4 d6
9.Qe2 dxe5 10.dxe5 Be7 11.O-O O-O 12.Qe4 g6 13.Bh6 Re8 14.Nc3 Nd7 15.Qf4 Qa5
16.Rfe1 Nc5 17.Rad1 Bd7 18.Ng5 Bxg5 19.Bxg5 h5 20.Bf6 Kh7 21.Bc2 Ne7 22.b4 Qa3
23.Nb1 Qxa2 24.Rd2 Ba4 25.Be4  1-0

[Event "Open A"]
[Site "Gjovik NOR"]
[Date "2009.01.04"]
[Round "6"]
[White "Mamedjarova,T"]
[Black "Stray,G"]
[Result "1/2-1/2"]
[WhiteElo "2269"]
[BlackElo "2124"]

1.e4 c5 2.c3 Nf6 3.e5 Nd5 4.d4 cxd4 5.Qxd4 e6 6.Nf3 d6 7.Bb5+ Bd7 8.Bc4 Nc6
9.Qe4 Nb6 10.exd6 Nxc4 11.Qxc4 Bxd6 12.O-O Ne5 13.Nxe5 Bxe5 14.Be3 Qc7 15.Qh4 Bc6
16.a4 O-O 17.Na3 Qd8 18.Qxd8 Rfxd8 19.Nb5 a6 20.Nd4 Bxd4 21.Bxd4 f6 22.b4 Bd5
23.f4 Rdc8 24.a5 Rc4 25.Rfe1 Kf7 26.Re2 Rd8 27.Rae1 Rd7 28.Re3 f5 29.h3 Be4
30.Be5 Rc8 31.h4 h5  1/2-1/2

[Event "Masters"]
[Site "Hastings ENG"]
[Date "2009.01.04"]
[Round "8"]
[White "Poobalasingam,P"]
[Black "Zhou,Y"]
[Result "0-1"]
[WhiteElo "2235"]
[BlackElo "2276"]

1.e4 c5 2.c3 Nf6 3.e5 Nd5 4.g3 d6 5.exd6 Qxd6 6.Bg2 Bf5 7.Qb3 Qe5+ 8.Ne2 Bd3
9.O-O Nb6 10.Re1 Nc6 11.Qd1 Qf5 12.Na3 g5 13.f4 g4 14.b3 Bg7 15.Bb2 c4 16.bxc4 Qc5+
17.Kh1 Nxc4 18.Nxc4 Qxc4 19.Nc1 Bf5 20.d3 Qa6 21.d4 O-O 22.Nb3 Qc4 23.Bf1 Qd5+
24.Bg2 Qc4 25.Nc5 Rac8 26.Qb3 Na5 27.Qa3 b6 28.Nb3 e6 29.Nxa5 bxa5 30.Qxa5 Rb8
31.Ba3 Rfc8 32.Bc5 Rb2 33.Qa3 Rc2 34.Qb3 Rxc5 35.dxc5 Qxb3 36.axb3 Bxc3 37.c6 Bxe1
38.Rxe1 Bd3 39.Kg1 Bb5 40.Be4 Rc3 41.Rd1 f5 42.Bg2 Bxc6 43.Rd8+ Kf7 44.Bxc6 Rxc6
45.Rd7+ Kf6 46.Rxa7 Rc1+ 47.Kf2 Rc2+ 48.Kg1 Rc1+  0-1

[Event "Masters"]
[Site "Hastings ENG"]
[Date "2009.01.04"]
[Round "8"]
[White "Pickersgill,A"]
[Black "Salem,I"]
[Result "0-1"]
[WhiteElo "2043"]
[BlackElo "2171"]

1.e4 c5 2.c3 Nf6 3.e5 Nd5 4.d4 cxd4 5.Qxd4 e6 6.Nf3 Nc6 7.Qe4 f5 8.Qe2 Qc7
9.g3 b5 10.Bg2 a5 11.O-O Ba6 12.Rd1 Bc5 13.Nbd2 a4 14.Nf1 b4 15.c4 O-O 16.Ng5 Nb6
17.b3 h6 18.Nf3 axb3 19.axb3 Bxc4 20.bxc4 Rxa1 21.N1d2 Ra2 22.Qd3 Nxe5 23.Nxe5 Qxe5
24.Qb3 Qe2 25.Bf3 Qxf2+ 26.Kh1 Ra1 27.Rf1 Qd4 28.Qc2 Qc3 29.Qxc3 bxc3 30.Nb3 Rxc1
31.Rxc1 Bb4 32.c5 Nd5 33.Rd1 c2 34.Rd4 Bc3 35.Rc4 Rb8 36.Nc1 Rb1  0-1

[Event "14th Open"]
[Site "Bosnjaci CRO"]
[Date "2009.01.05"]
[Round "4"]
[White "Pap,M"]
[Black "Martinovic,Sa"]
[Result "1/2-1/2"]
[WhiteElo "2469"]
[BlackElo "2427"]

1.e4 c5 2.c3 Nf6 3.e5 Nd5 4.d4 cxd4 5.Nf3 Nc6 6.cxd4 d6 7.Bc4 e6 8.Qe2 Be7
9.O-O O-O 10.Rd1 Na5 11.Bd3 Nb4 12.exd6 Qxd6 13.Nc3 Nxd3 14.Qxd3 b6 15.Ng5 Bxg5
16.Ne4 Qd5 17.Nxg5 Qf5 18.Qxf5 exf5 19.Bd2 f6 20.Nh3 Rd8 21.Bxa5 bxa5 22.Nf4 g5
23.Ne2 Be6 24.Nc3 Bd5 25.Rac1 Rd7 26.Nxd5 Rxd5 27.Rc7 Rad8 28.Rxa7 Rxd4 29.Rxd4 Rxd4
30.g3 a4 31.a3 h5 32.Rb7 Kf8 33.Rh7 Rd2 34.Rxh5 Kg7 35.h4 Rxb2 36.hxg5 Rb3
37.gxf6+ Kxf6 38.Kg2 Rxa3 39.Rh6+ Ke5 40.Ra6 Ra2 41.Kf3 Ra3+ 42.Ke2 Ra2+
43.Ke3 Ra3+  1/2-1/2

[Event "14th Open"]
[Site "Bosnjaci CRO"]
[Date "2009.01.05"]
[Round "4"]
[White "Hodak,S"]
[Black "Brkic,A"]
[Result "0-1"]
[WhiteElo "2177"]
[BlackElo "2550"]

1.e4 c5 2.c3 Nf6 3.e5 Nd5 4.d4 cxd4 5.cxd4 d6 6.Bc4 e6 7.Nf3 Nc6 8.O-O Be7
9.Nc3 Nxc3 10.bxc3 dxe5 11.Nxe5 Nxe5 12.dxe5 Qa5 13.Qg4 Qxe5 14.Bf4 Qf6 15.Bb5+ Kf8
16.Qg3 h5 17.Rad1 h4 18.Qe3 Rh5 19.Be2 Rf5 20.Bc7 Kg8 21.Bd3 Rc5 22.Bd8 Rc6
23.Bxe7 Qxe7 24.Be4 Rc7 25.Rd2 Bd7 26.Rfd1 Be8 27.h3 a6 28.Qb6 Rac8 29.c4 g6
30.Bf3 Ba4 31.Rb1 Qg5 32.Rd4 Rxc4 33.Rxc4 Rxc4 34.Bxb7 Bb5 35.Rd1 Rc1 36.Rxc1 Qxc1+
37.Kh2 Qf4+ 38.Kg1 Qc1+ 39.Kh2 Qf4+ 40.Kg1 Qc4 41.Qd8+ Kg7 42.Qd2 e5 43.Bf3 Qd4
44.Qc2 Bd3 45.Qd2 Bc4 46.Qa5 e4 47.Bg4 f5 48.Qc7+ Bf7 49.Be2 Qa1+ 50.Bf1 Qxa2
51.Qe5+ Kh7 52.Qe7 a5 53.Qxh4+ Kg7 54.Qe7 a4 55.h4 Qe6 56.Qb4 Qb3 57.Qd4+ Kh7
58.h5 gxh5 59.Qf6 Qe6 60.Qc3 Qd5 61.Be2 Qb3 62.Qf6 Qe6 63.Qg5 a3 64.Bxh5 a2  0-1

[Event "14th Open"]
[Site "Bosnjaci CRO"]
[Date "2009.01.07"]
[Round "7"]
[White "Hodak,S"]
[Black "Kiewra,K"]
[Result "0-1"]
[WhiteElo "2177"]
[BlackElo "2364"]

1.e4 c5 2.c3 Nf6 3.e5 Nd5 4.d4 cxd4 5.cxd4 d6 6.Bc4 Nb6 7.Bb5+ Nc6 8.d5 a6
9.Bxc6+ bxc6 10.dxc6 dxe5 11.Qxd8+ Kxd8 12.Nf3 f6 13.O-O Kc7 14.Bd2 Kxc6
15.Rc1+ Kb7 16.Ba5 g6 17.Nbd2 Bh6 18.Rc3 Be6 19.Ne4 Bd5 20.Nc5+ Ka7 21.Rd1 Rhd8
22.Rcd3 Bxf3 23.gxf3 Rxd3 24.Rxd3 Rc8 25.b4 Bf4 26.Kg2 h5 27.h3 g5 28.a4 f5
29.Ne6 Rc6 30.Ng7 e4 31.Rd8 Rc2 32.fxe4 fxe4 33.Kf1 Rc1+ 34.Kg2 Nc4 35.Rd7+ Kb8
36.Nxh5 Ne5 37.Rd8+ Kb7 38.Nxf4 gxf4 39.Re8 Ng6 40.f3 e3 41.b5 Nh4+ 42.Kh2 Nxf3+
43.Kg2 Nh4+ 44.Kh2 Rc2+ 45.Kg1 Nf3+ 46.Kh1  0-1

[Event "7th Parsvnath Open"]
[Site "New Delhi IND"]
[Date "2009.01.11"]
[Round "2"]
[White "Kathmale,S"]
[Black "Akshayraj,K"]
[Result "1/2-1/2"]
[WhiteElo "2110"]
[BlackElo "2403"]

1.e4 c5 2.c3 Nf6 3.e5 Nd5 4.d4 cxd4 5.Nf3 e6 6.cxd4 d6 7.Nc3 Nxc3 8.bxc3 Qc7
9.Bd2 Nd7 10.Qa4 dxe5 11.Nxe5 Bd6 12.Nxd7 Bxd7 13.Bb5 Bxb5 14.Qxb5+ Ke7 15.c4 Rhd8
16.c5 Be5 17.Ba5 b6 18.Bb4 bxc5 19.Bxc5+ Kf6 20.f4 Bxf4 21.O-O Kg6 22.Rae1 Bxh2+
23.Kh1 h5 24.Qd3+ Kh6 25.Bb4 g6 26.Rf6 Qg3 27.Rf3 Qc7 28.Rf6 Kg7 29.Rexe6 Qg3
30.Rf3 Qg4 31.Re4 Qc8 32.Re7 Rf8 33.Bc5 Qb8 34.Qf1 Bd6 35.Rfxf7+ Rxf7 36.Qxf7+ Kh6
37.Rb7 Qd8 38.Bxd6 Qh4+  1/2-1/2

[Event "Paul Keres Mem Men"]
[Site "Tallinn EST"]
[Date "2009.01.11"]
[Round "5"]
[White "Sveshnikov,E"]
[Black "Rausis,I"]
[Result "1-0"]
[WhiteElo "2535"]
[BlackElo "2501"]

1.e4 c5 2.c3 Nf6 3.e5 Nd5 4.Nf3 e6 5.Bc4 d6 6.d4 cxd4 7.cxd4 Nc6 8.O-O Be7
9.Qe2 O-O 10.Nc3 Nxc3 11.bxc3 dxe5 12.dxe5 Qa5 13.Rb1 Rd8 14.Bd2 b6 15.Bb5 Bb7
16.a4 a6 17.Bd3 Rd7 18.Be4 Rad8 19.Rfd1 h6 20.h4 Bc5 21.c4 Qxa4 22.Ra1 Qb3
23.Rdb1 Rxd2 24.Nxd2 Qc3 25.Nf3 a5 26.Rc1 Qb3 27.Bc2 Qb4 28.Rab1 Qa3 29.Ra1 Qb4
30.Qe4 Kf8 31.Rd1 Qc3 32.Ba4 Rc8 33.Rac1 Qb2 34.Rc2 Qa3 35.Bb5 Nd8 36.Rxd8+ Rxd8
37.Qxb7 Qd3 38.Rd2 Qb1+ 39.Kh2 Rxd2 40.Qc8+  1-0

[Event "Paul Keres Mem Men"]
[Site "Tallinn EST"]
[Date "2009.01.11"]
[Round "7"]
[White "Sveshnikov,E"]
[Black "Sharankov,G"]
[Result "1/2-1/2"]
[WhiteElo "2535"]
[BlackElo "2192"]

1.e4 c5 2.c3 Nf6 3.e5 Nd5 4.d4 cxd4 5.cxd4 Nc6 6.Nc3 Nxc3 7.bxc3 d6 8.Nf3 g6
9.Bf4 dxe5 10.Bxe5 Nxe5 11.Nxe5 Bg7 12.Bb5+ Kf8 13.Qe2 Be6 14.O-O Rc8 15.Rac1 Bf6
16.Bd3 Kg7 17.f4 Rxc3 18.Qe3  1/2-1/2

[Event "6th ch-Mediterranean"]
[Site "Antalya TUR"]
[Date "2009.01.13"]
[Round "5"]
[White "Kose,S"]
[Black "Berke,A"]
[Result "1-0"]
[WhiteElo "2201"]
[BlackElo "2081"]

1.e4 c5 2.c3 Nf6 3.e5 Nd5 4.d4 cxd4 5.cxd4 Nc6 6.Nf3 d6 7.Bc4 Nb6 8.Bb5 dxe5
9.Nxe5 Bd7 10.Bxc6 Bxc6 11.Nxc6 bxc6 12.O-O g6 13.Be3 Bg7 14.Nc3 O-O 15.Rc1 Nd5
16.Qf3 Rc8 17.Ne4 Qb6 18.Nc5 Qxb2 19.a4 Qa2 20.Qe4 Nxe3 21.fxe3 Qd5 22.Qg4 e6
23.Kh1 Rb8 24.e4 Qd8 25.d5 cxd5 26.exd5 Qxd5 27.Rfd1 Qf5 28.Qxf5 gxf5 29.Nd7 Rbd8
30.Nxf8 Rxd1+ 31.Rxd1 Bxf8 32.Rd8 Kg7 33.g3 Bc5 34.Kg2 e5 35.a5 Kf6 36.Rc8 Bd4
37.Rc6+ Kg7 38.Kf3 f6 39.a6 Kg6 40.Rc8 Bb6 41.Rg8+ Kf7 42.Rh8 Kg7 43.Rc8 h6
44.Rc6 Bd4 45.Rc7+ Kg6 46.Rd7 Bc5 47.Rd8 Bb6 48.Rg8+ Kf7 49.Rb8 e4+ 50.Ke2 Bc5
51.Rb5 Bg1 52.Kf1 Bd4 53.Rxf5 Ke6 54.Rh5 Be3 55.Ke2 Bd4 56.Rxh6 Kf5 57.Rh5+ Kg4
58.Rh7 f5 59.Rd7 Bg1 60.Kf1 Be3 61.Kg2 Bc5 62.h3+ Kg5 63.Rd5 Bb6 64.Kf1 Be3
65.Ke2 Bb6 66.g4 Kh4 67.gxf5  1-0

[Event "ch-BLR"]
[Site "Minsk BLR"]
[Date "2009.01.13"]
[Round "1"]
[White "Sidorenja,A"]
[Black "Teterev,V"]
[Result "0-1"]
[WhiteElo "2362"]
[BlackElo "2530"]

1.e4 c5 2.c3 Nf6 3.e5 Nd5 4.d4 cxd4 5.cxd4 d6 6.Nf3 Nc6 7.Bc4 Nb6 8.Bb3 d5
9.Nh4 e6 10.Nf3 Bd7 11.O-O Be7 12.Nc3 O-O 13.a3 f5 14.exf6 gxf6 15.Bh6 Rf7
16.Re1 Kh8 17.Bc2 Qg8 18.g3 Nc4 19.Rb1 Bf8 20.Bxf8 Raxf8 21.Bd3 Nd6 22.Nb5 Ne8
23.Rc1 Rg7 24.Nc3 Nd6 25.Bf1 Be8 26.Bh3 Re7 27.Nh4 f5 28.b4 a6 29.Ng2 Qg7
30.Nf4 Ne4 31.Nxe4 dxe4 32.d5 exd5 33.Qxd5 Nd4 34.Bg2 Bc6 35.Qa2 Rd8 36.Rc5 Qf7
37.Qa1 Kg8 38.Qb2 Red7 39.h4 Nb3 40.Rxf5 Qxf5 41.Qxb3+ Qf7 42.Qe3 Re7 43.Qc5 Qf6
44.Re3 Kh8 45.Kh2 Qe5 46.Qc1 Qd4 47.Qb1 Rf8 48.Qb3 Qe5 49.Nh3 Bd5 50.Qc2 Rc7
51.Qd2 Rcf7 52.Rc3 Bc6 53.Rc5 Qg7 54.Rg5 Qf6 55.Qe3 Re7 56.Nf4 Rd8 57.Rc5 Qd4
58.Qe2 Re5 59.Rc2 Qd1 60.Qc4 Qd4 61.Qf7 Qd6 62.Rd2 Qxd2 63.Qf6+ Kg8 64.Qxe5 Qd6
65.Qg5+ Kf7 66.Qf5+ Kg8 67.Ne6 Rd7 68.Qg5+ Kh8 69.Qf5 Bd5 70.Ng5 e3 71.Bxd5 Qxd5
72.Qf6+ Kg8 73.fxe3 Qd6 74.Qf5 Re7 75.Ne4 Qg6 76.Qc8+ Kf7 77.Qc4+ Kf8 78.Ng5 h6
79.Nf3 Qf5 80.Nd4 Qf2+ 81.Kh3 Qxe3 82.Qc8+ Re8 83.Qc5+ Qe7 84.Qd5 Qf7 85.Qd6+ Kg7
86.Qc5 Kg8 87.Nf5 Qe6 88.h5 b6 89.Qf2 Rf8 90.g4 Rd8 91.Qb2 Rd3+ 92.Kh4 Qe1+
93.Ng3 Qxg3+  0-1

[Event "ch-BLR w"]
[Site "Minsk BLR"]
[Date "2009.01.15"]
[Round "1"]
[White "Popova,N"]
[Black "Azarova,N"]
[Result "1-0"]
[WhiteElo "2266"]
[BlackElo "2314"]

1.e4 c5 2.c3 Nf6 3.e5 Nd5 4.Nf3 d6 5.d4 cxd4 6.cxd4 e6 7.Bc4 Nb6 8.Bd3 dxe5
9.dxe5 Bb4+ 10.Nc3 Nd5 11.O-O Nxc3 12.bxc3 Be7 13.Qc2 h6 14.Rd1 Qc7 15.Bf4 O-O
16.Qe2 Rd8 17.Qe4 g6 18.Bxh6 Nd7 19.Bf1 Re8 20.Rac1 Nc5 21.Qf4 Bd7 22.Bg5 Bc6
23.Nd4 Ba4 24.Re1 Bxg5 25.Qxg5 Qe7 26.Qh6 Rac8 27.Re3 Qf8 28.Qf4 a6 29.Rh3 Qg7
30.Nf3 Bc6 31.Ng5 Rf8 32.Rh7 Qxh7 33.Nxh7 Kxh7 34.Re1 Nd7 35.Bd3 Kg7 36.h3 Rh8
37.Be4 Bxe4 38.Qxe4 b5 39.Rd1 Rc7 40.Rd4 Rh5 41.f4 Rh8 42.Qe1 Nb6 43.Rd6 Nd5
44.f5 gxf5 45.Qg3+ Kh7 46.Rxa6 Rhc8 47.Rd6 Rxc3 48.Qh4+ Kg6 49.Rxd5 exd5
50.Qf6+ Kh7 51.Qxf7+ Kh8 52.e6 Re3 53.Qh5+  1-0

[Event "Queenstown Classic"]
[Site "Queenstown NZL"]
[Date "2009.01.16"]
[Round "2"]
[White "Dragicevic,Do"]
[Black "Goldenberg,I"]
[Result "0-1"]
[WhiteElo "2205"]
[BlackElo "2398"]

1.e4 c5 2.c3 Nf6 3.e5 Nd5 4.d4 cxd4 5.Nf3 Nc6 6.cxd4 d6 7.Bc4 Nb6 8.Bb3 Bf5
9.e6 fxe6 10.O-O Qd7 11.Re1 d5 12.Nc3 Bg4 13.Na4 Nxa4 14.Bxa4 a6 15.h3 Bxf3
16.Qxf3 b5 17.Bd1 g6 18.a4 Nxd4 19.Qd3 Bg7 20.axb5 Nxb5 21.Bg4 Nd4 22.Rxa6 Rxa6
23.Qxa6 Kf7 24.b4 h5 25.Bd1 Qd6 26.Qxd6 exd6 27.Bb2 Rb8 28.Bc3 Nf3+ 29.Bxf3 Bxc3
30.Rb1 Rxb4 31.Rxb4 Bxb4 32.Bd1 Kf6 33.Bc2 h4 34.Kf1 Bc5 35.Ke2 Bb6 36.Bb1 g5
37.Bh7 Ke5 38.Bg8 Ba5 39.Kd3 Be1 40.Ke2 Bb4 41.Kd3 Bc5 42.Ke2 d4 43.Kd3 Bb6
44.Kd2 Kf5 45.Kd3 Bc5 46.Bf7 e5 47.Bd5 Kf4 48.Bc6 Bb6 49.Bd5 Ba5 50.Bc6 Be1
51.Ke2 Bxf2 52.Kxf2 d3 53.Bf3 e4 54.Bg4 e3+ 55.Ke1 Ke4 56.Kd1 Kd4 57.Bh5 Kc3  0-1

[Event "ch-BLR"]
[Site "Minsk BLR"]
[Date "2009.01.18"]
[Round "6"]
[White "Sidorenja,A"]
[Black "Smirnov,Va"]
[Result "1/2-1/2"]
[WhiteElo "2362"]
[BlackElo "2383"]

1.e4 c5 2.c3 Nf6 3.e5 Nd5 4.d4 cxd4 5.Nf3 d6 6.cxd4 Nc6 7.Bc4 Nb6 8.Bb5 dxe5
9.Nxe5 Bd7 10.Nxd7 Qxd7 11.Nc3 e6 12.O-O Be7 13.Qg4 O-O 14.Bxc6 bxc6 15.Bh6 Bf6
16.Rfd1 Kh8 17.Ne4 Qe7 18.Bg5 Bxg5 19.Qxg5 Nd5 20.Rac1 h6 21.Qd2 Rac8 22.Rc5 Rfd8
23.Rdc1 Nf6 24.Qe3 Nxe4 25.Qxe4 Qb7 26.b3 Rd6 27.g3 Qd7 28.R1c4 Rd5 29.Qf4 Kg8
30.Rxd5 exd5 31.Rc3 Re8 32.Re3 Rxe3 33.Qxe3 f6 34.h4 Kf7 35.b4 Qb7 36.a3 Qb5
37.Kh2 a6 38.g4 Qc4 39.Kg3 Qc2 40.f3 Qc4  1/2-1/2

[Event "ch-PriFO"]
[Site "Kazan RUS"]
[Date "2009.01.23"]
[Round "3"]
[White "Vlasov,An"]
[Black "Frolyanov,D"]
[Result "1/2-1/2"]
[WhiteElo "2277"]
[BlackElo "2564"]

1.e4 c5 2.c3 Nf6 3.e5 Nd5 4.Nf3 e6 5.d4 cxd4 6.cxd4 d6 7.Nc3 Nxc3 8.bxc3 Qc7
9.Bd2 Nd7 10.exd6 Bxd6 11.Bd3 b6 12.O-O Bb7 13.Re1 O-O 14.h3 Rac8 15.a4 Bf4
16.Bxf4 Qxf4 17.Re3 g6 18.Qe1 Qc7 19.Nd2 Nf6 20.Be4 Bxe4 21.Nxe4 Nxe4 22.Rxe4 Qxc3
23.a5 b5 24.Qxc3 Rxc3 25.a6 Rfc8 26.Ra5 Rb8 27.d5 b4 28.dxe6 fxe6 29.Ra4 b3
30.Rab4 Rcc8 31.Rb7 Rxb7 32.axb7 Rb8 33.Rb4 Kf7 34.Rxb3 Ke7 35.h4 Kd7 36.h5 gxh5
37.Rb5 Kc6 38.Re5 Kd6 39.Rb5 h4 40.Kh2 Kc6 41.Re5 Rxb7 42.Rxe6+ Kc5 43.Re5+ Kb4
44.Re1 Rf7 45.Rb1+ Kc3 46.Ra1 Kb4 47.Re1 Kc5 48.Ra1 Kb6 49.Rb1+ Kc7 50.Ra1 Kb8
51.Ra4 Rxf2 52.Rxh4 Rf7 53.Ra4 Kb7 54.Ra1 Rf5 55.Rb1+ Kc6 56.g4 Rc5 57.Kg3 Kd6
58.Rh1 Rc7 59.Ra1 Rf7 60.Kh4 Kc6 61.Kg5 Kb6 62.Rb1+ Kc7 63.Ra1 Kb7 64.Kh6 a6
65.g5 Rd7 66.Rb1+ Ka7 67.Ra1 Rd5 68.Rg1 Rd7 69.Ra1 Kb6 70.Rb1+ Kc5  1/2-1/2

[Event "Queenstown Classic"]
[Site "Queenstown NZL"]
[Date "2009.01.23"]
[Round "9"]
[White "Smerdon,D"]
[Black "Mastrovasilis,D"]
[Result "1-0"]
[WhiteElo "2463"]
[BlackElo "2580"]

1.e4 c5 2.c3 Nf6 3.e5 Nd5 4.d4 cxd4 5.Nf3 e6 6.cxd4 d6 7.Bc4 Nb6 8.Bd3 Nc6
9.O-O Nb4 10.Be2 dxe5 11.Nxe5 Be7 12.Nc3 O-O 13.a3 N4d5 14.Bd3 Bd7 15.Ne4 Rc8
16.Re1 Ba4 17.b3 Be8 18.Qf3 f6 19.Qh3 f5 20.Nc5 Bxc5 21.dxc5 Rxc5 22.Bb2 Qg5
23.Nf3 Qg6 24.Qh4 Rc7 25.Rad1 h6 26.Be5 Rc8 27.Bd6 Rf6 28.Be5 Rf8 29.Nd4 Bd7
30.h3 Qg5 31.Qxg5 hxg5 32.Nf3 g4 33.hxg4 fxg4 34.Ng5 Nf4 35.Bh7+ Kh8 36.Re4 Nh5
37.Rxg4  1-0

[Event "LIX Verano Open"]
[Site "Villa Ballester ARG"]
[Date "2009.01.23"]
[Round "3"]
[White "Restuccia,F"]
[Black "Pierrot,Fac"]
[Result "0-1"]
[WhiteElo "2114"]
[BlackElo "2424"]

1.e4 c5 2.c3 Nf6 3.e5 Nd5 4.d4 cxd4 5.Qxd4 e6 6.Bc4 Nc6 7.Qe4 d6 8.exd6 Nf6
9.Qe2 Bxd6 10.Nf3 a6 11.Bg5 b5 12.Bd3 Bb7 13.Nbd2 Be7 14.O-O Nd5 15.Bxe7 Qxe7
16.g3 O-O 17.Rfe1 Rad8 18.Rad1 b4 19.c4 Nf6 20.Bc2 Nd4 21.Nxd4 Rxd4 22.Nb3 Rxd1
23.Rxd1 Qc7 24.f3 Rc8 25.Bd3 g6 26.Qe3 Rd8 27.Nc5 Bxf3 28.Nxe6 Ng4 29.Qxf3 Qb6+
30.c5 Qxe6 31.Be2 Rxd1+ 32.Bxd1 Qe1+ 33.Qf1 Qe3+ 34.Kg2 Qd2+ 35.Qe2 Qd5+
36.Kh3 Ne5 37.Bb3 Qxc5 38.Qe4 Kg7 39.Bd5 Nd7 40.Bb3 a5 41.Kg2 Ne5 42.g4 Qd6
43.Bc2 Nd7 44.h4 Nf6 45.Qe2 Qd4 46.Bd1 Nd5 47.Kg3 Qg1+ 48.Kf3 Qh1+ 49.Kg3 Nf6
50.Bc2 Qg1+ 51.Kh3 h5 52.gxh5 Nxh5  0-1

[Event "LIX Verano Open"]
[Site "Villa Ballester ARG"]
[Date "2009.01.23"]
[Round "3"]
[White "Rinas,J"]
[Black "Ucha,L"]
[Result "0-1"]
[WhiteElo "1806"]
[BlackElo "1992"]

1.e4 c5 2.c3 Nf6 3.e5 Nd5 4.d4 cxd4 5.cxd4 Nc6 6.Nf3 d6 7.exd6 Qxd6 8.Nc3 Bg4
9.Bc4 e6 10.Bxd5 exd5 11.Be3 Be7 12.O-O O-O 13.h3 Bh5 14.g4 Bg6 15.Qb3 Rfd8
16.Rfe1 Na5 17.Qb5 Nc4 18.Ne5 Nxe3 19.Nxg6 Bg5 20.Ne7+ Kh8 21.Nf5 Nxf5 22.gxf5 Qf4
23.Rad1 Bh4 24.Rf1 Qxf5 25.Rd3 a6  0-1

[Event "IMA"]
[Site "Marianske Lazne CZE"]
[Date "2009.01.24"]
[Round "10"]
[White "Gajic,Ml"]
[Black "Antipov,M2"]
[Result "1/2-1/2"]
[WhiteElo "2182"]
[BlackElo "2194"]

1.e4 c5 2.c3 Nf6 3.e5 Nd5 4.Bc4 Nb6 5.Bb3 c4 6.Bc2 Nc6 7.Nf3 Qc7 8.Qe2 g5
9.h3 Bg7 10.O-O Nxe5 11.Nxg5 h6 12.Nf3 Nxf3+ 13.Qxf3 d5 14.a4 a5 15.d4 cxd3
16.Bxd3 e5 17.Qg3 Bf6 18.Na3 Bd7 19.Nb5 Bxb5 20.Bxb5+ Ke7 21.f4 e4 22.Qf2 Rac8
23.Be3 Nc4 24.Ba7 Rhd8 25.b3 Nd6 26.Rac1 Nxb5 27.axb5 Qd6 28.Qe3 Rd7 29.g4 Kf8
30.Kg2 d4 31.cxd4 Rxc1 32.Qxc1 Qd5 33.Qc5+ Be7 34.Qc4 e3+ 35.Kg3 Qe4 36.Qe2 Bf6
37.Rf3 Bxd4 38.Bxd4 Rxd4 39.Rxe3 Qxf4+ 40.Kg2 Kg7 41.Rd3 Re4 42.Qd1 Qe5 43.Rd5 Qe7
44.Rf5 Re2+ 45.Kf1 Rh2 46.Qd4+ f6 47.Rf2 Rxh3 48.b6 Rh1+ 49.Kg2 Re1 50.Rd2 Re2+
51.Rxe2 Qxe2+ 52.Kg1 Qe6 53.Kg2 Qe2+ 54.Kg1 Qe6 55.b4 Qe1+ 56.Kg2 Qe2+ 57.Kg1 Qe1+
58.Kg2 Qxb4 59.Qd7+ Kg6 60.Qf5+ Kg7  1/2-1/2

[Event "ch-PriFO"]
[Site "Kazan RUS"]
[Date "2009.01.26"]
[Round "6"]
[White "Vasenev,S1"]
[Black "Abdullin,R"]
[Result "1-0"]
[WhiteElo "2312"]
[BlackElo "2131"]

1.e4 c5 2.c3 Nf6 3.e5 Nd5 4.d4 cxd4 5.Nf3 e6 6.cxd4 d6 7.Nc3 Nxc3 8.bxc3 Nc6
9.exd6 Bxd6 10.Bd3 Qa5 11.Bd2 O-O 12.Rb1 e5 13.Rb5 Qc7 14.Nxe5 Bxe5 15.dxe5 Nxe5
16.Bxh7+ Kxh7 17.Qh5+ Kg8 18.Qxe5 Qc4 19.Rb4 Qxa2 20.Bc1 Bg4 21.O-O Rfe8
22.Qg3 Be2 23.Bh6 g6 24.Qh4 Qd5 25.Rc1 Rad8 26.h3 b5 27.Rd4 Qh5 28.Rxd8 Qxh4
29.Rxe8+ Kh7 30.Be3 Qc4 31.Bg5 Kg7 32.Be3 a5 33.Bd4+ Kh6 34.Re1 Bd3 35.Rh8+ Kg5
36.Re5+ f5 37.g3 Qa2 38.f4+  1-0

[Event "ch-PriFO"]
[Site "Kazan RUS"]
[Date "2009.01.26"]
[Round "6"]
[White "Voitsekhovsky,S"]
[Black "Kuznetsov,N"]
[Result "1-0"]
[WhiteElo "2523"]
[BlackElo "2373"]

1.e4 c5 2.c3 Nf6 3.e5 Nd5 4.Nf3 e6 5.d4 cxd4 6.cxd4 d6 7.Bc4 Nc6 8.O-O dxe5
9.dxe5 Be7 10.Qe2 a6 11.Rd1 Qa5 12.Bd2 Qc7 13.Qe4 Nb6 14.Bf1 Nd7 15.Re1 h6
16.Qg4 Kf8 17.Qg3 b5 18.Nc3 Bb7 19.Rac1 Rc8 20.h4 Qb8 21.Bf4 Nc5 22.h5 Nb4
23.Rcd1 Rd8 24.Rxd8+ Qxd8 25.Rd1 Qa8 26.Nd4 Nd5 27.Nxd5 Bxd5 28.a3 Ne4 29.Qg4 Bc5
30.Be3 Be7 31.Rc1 Qb7 32.Nf3 Kg8 33.Bd3 Kf8 34.Nd2 Nxd2 35.Bxd2 Bd8 36.Qb4+ Qe7
37.Qd4 Qd7 38.Bb4+ Ke8 39.Bd6 Rg8 40.Bh7 Rh8 41.Be4 Bxe4 42.Qxe4 f5 43.Qa8 Kf7
44.Qxa6 Re8 45.Rc5 Kg8 46.Qxb5 Qf7 47.Qe2 Bb6 48.Rc6 Qa7 49.b4 Bd4 50.b5 Ra8
51.Ra6 Qb7 52.Rxa8+ Qxa8 53.Qa2 Qd5 54.Qc2 Bb6 55.Kh2 Kh7 56.Bc7 Bd4 57.b6 Bxe5+
58.Bxe5 Qxe5+ 59.g3 Qd5 60.Kg1 Qa8 61.Qb3 Qb7 62.a4  1-0

[Event "XXXIV Open"]
[Site "Seville ESP"]
[Date "2009.01.27"]
[Round "5"]
[White "Fernandez Montero,F"]
[Black "Ivanov,Jo"]
[Result "0-1"]
[WhiteElo "2161"]
[BlackElo "2436"]

1.e4 c5 2.c3 Nf6 3.e5 Nd5 4.Bc4 Nb6 5.Bb3 c4 6.Bc2 Nc6 7.Nf3 Qc7 8.Qe2 g5
9.e6 dxe6 10.Nxg5 Qe5 11.d4 cxd3 12.Bxd3 Bh6 13.Nxf7 Qxe2+ 14.Kxe2 Bxc1 15.Rxc1 Kxf7  0-1

[Event "7th Gibtelecom Masters"]
[Site "Caleta ENG"]
[Date "2009.01.28"]
[Round "2"]
[White "Rasch,H"]
[Black "Tsifanskaya,L"]
[Result "1-0"]
[WhiteElo "2301"]
[BlackElo "2149"]

1.e4 c5 2.c3 Nf6 3.e5 Nd5 4.d4 Nc6 5.Nf3 cxd4 6.cxd4 g6 7.Qb3 e6 8.Nc3 Nxc3
9.bxc3 d6 10.exd6 Bxd6 11.Bh6 Qc7 12.Bd3 Bf8 13.Bxf8 Kxf8 14.O-O Kg7 15.h4 e5
16.d5 Nd8 17.Rfe1 f6 18.c4 b6 19.Qc3 Nf7 20.Rac1 Bb7 21.h5 Rae8 22.Nh4 g5
23.Nf5+ Kg8 24.Qa3 Bc8 25.c5 Bxf5 26.Bxf5 bxc5 27.Rxc5 Qe7 28.Rec1 Kg7 29.Qa6 Qd6
30.Qxa7 Re7 31.Qa5 Nd8 32.Rc7 Kh6 33.Rxe7 Qxe7 34.Rc7 Qe8 35.Qa7 g4 36.Rxh7+ Rxh7
37.Qxh7+  1-0

[Event "7th Gibtelecom Masters"]
[Site "Caleta ENG"]
[Date "2009.01.28"]
[Round "2"]
[White "Spence,D"]
[Black "Demac,E"]
[Result "1-0"]
[WhiteElo "2223"]
[BlackElo "1993"]

1.e4 c5 2.c3 Nf6 3.e5 Nd5 4.d4 cxd4 5.Nf3 e6 6.cxd4 d6 7.Bc4 Nb6 8.Bb3 dxe5
9.Nxe5 Nc6 10.Nf3 Bd6 11.Nc3 O-O 12.O-O Ne7 13.Bg5 h6 14.Bh4 a6 15.Qd3 Qc7
16.Bc2 Ng6 17.Ne4 Nd5 18.Nxd6 Nb4 19.Qc3 Qxc3 20.bxc3 Nxc2 21.Rab1 Nxh4 22.Nxh4 Na3
23.Rb6 Nb5 24.Nxb5 axb5 25.Rxb5 Rxa2 26.Rc1 Ra7 27.Rcb1 Rd8 28.Nf3 Rd5 29.R5b2 Rd7
30.c4 Rc7 31.c5 Bd7 32.Ne5 Kf8 33.f4 Bc6 34.Nxc6 bxc6 35.Kf2 Ke7 36.g4 Ra3
37.Rb3 Rxb3 38.Rxb3 Ra7 39.Ke3 Kd7 40.Ke4 Kc7 41.f5 Ra2 42.fxe6 fxe6 43.Rf3 Re2+
44.Kd3 Rxh2 45.Rf7+ Kd8 46.Rxg7 Rg2 47.Ke4 h5 48.g5 h4 49.Ke5 Rg4 50.Kf6 Rxd4
51.g6 Ke8 52.Re7+ Kd8 53.Rh7 Rg4 54.Rh8+ Kd7 55.g7  1-0